00338nam a2200145Ia 4500008004100000020001500041041001200056082001100068100001500079245002600094260002900120300000800149650001800157700001700175221030s9999 xx 000 0 und d a8123908601 aEnglish a105.23 aM. L. Blum 0aIndustrial Psychology bCBS PubaNew Delhic2004 a631 aBB Management aJ. C. Naylor